Cambio de voz (Registro nro. 561)

Detalles MARC
000 -CABECERA
Longitud fija campo de control 00906nam a2200277Ia 4500
005 - • FECHA Y HORA DE LA ÚLTIMA TRANSACCIÓN
Fecha y hora de la última transacción 20220316235316.0
008 - • CÓDIGOS DE INFORMACIÓN DE LONGITUD FIJA
Códigos de información de longitud fija 121119s2003 ck gr 000 0 spa
020 ## - • NÚMERO INTERNACIONAL NORMALIZADO PARA LIBROS
Número Internacional Normalizado para Libros (ISBN) 9580443920
041 0# - • CÓDIGO DE LENGUA
Código de lengua del texto/banda sonora o título independiente spa
040 ## - FUENTE DE LA CATALOGACIÓN
Centro catalogador de origen CO-BoRNBP
Lengua de catalogación spa
Normas de descripción rda
Centro transcriptor CO-BoRNBP
084 ## - • Clasificación Local Alfanúmerica PNLB
Número de clasificación C VAS1
100 1# - • PUNTO DE ACCESO PRINCIPAL-NOMBRE DE PERSONA
Nombre de persona Vasco, Irene,
Fechas asociadas al nombre 1952-
245 10 - • TITULO PROPIAMENTE DICHO
Título Cambio de voz
Mención de responsabilidad, etc. Irene Vasco
250 ## - • MENCIÓN DE EDICIÓN
Mención de edición Décima tercera reimpresión
264 #1 - PRODUCCIÓN, PUBLICACIÓN , DISTRIBUCIÓN, FABRICACIÓN Y COPYRIGHT
Lugar de producción, publicación, distribución, fabricación Bogotá
Nombre del productor, editor, distribuidor, fabricante Norma
Fecha de de producción, publicación, distribución, fabricación o copyright 2003
300 ## - • DESCRIPCIÓN FÍSICA
Extensión 70 páginas
336 ## - TIPO DE CONTENIDO
Término de tipo de contenido texto
Código de tipo de contenido txt
Fuente rdacontent
337 ## - TIPO DE MEDIO
Nombre del tipo de medio sin mediación
Código del tipo de medio n
Fuente rdamedia
338 ## - TIPO DE SOPORTE
Nombre del tipo de soporte volumen
Código del tipo de soporte nc
Fuente rdacarrier
490 0# - • MENCIÓN DE SERIE
Mención de serie Zona libre
505 0# - • NOTA DE CONTENIDO CON FORMATO
Nota de contenido con formato 1.El péndulo de Sofía -- 2.Casa por cárcel -- 3.Tres horas bastan y sobran -- 4.Tea for two -- 5.Cortina de humo -- 6.Piso 29.
650 14 - • PUNTO DE ACCESO ADICIONAL DE MATERIA - TÉRMINO DE MATERIA
Fuente del encabezamiento o término LEMB
Término de materia o nombre geográfico como elemento inicial Literatura juvenil
650 14 - • PUNTO DE ACCESO ADICIONAL DE MATERIA - TÉRMINO DE MATERIA
Fuente del encabezamiento o término LEMB
Término de materia o nombre geográfico como elemento inicial Cuentos colombianos
Subdivisión cronológica Siglo XX
650 14 - • PUNTO DE ACCESO ADICIONAL DE MATERIA - TÉRMINO DE MATERIA
Fuente del encabezamiento o término LEMB
Término de materia o nombre geográfico como elemento inicial Problemas sociales
Subdivisión cronológica Siglo XX
942 ## - ENTRADA DE ELEMENTOS AGREGADOS (KOHA)
Fuente de clasificaión o esquema
Koha [por defecto] tipo de item LIbro
Existencias
Perdido Fuente de clasificación o esquema Estado Físico No para préstamo Forma de adquisición Localización permanente Localización actual Localización en estanterías Fecha adquisición Préstamos totales Signatura completa Código de barras Fecha última consulta Número de copia Fecha del precio de reemplazo Tipo de item de Koha
  Dewey Decimal Classification     Colección General Biblioteca Pública Cubarral Biblioteca Pública Cubarral Literatura 08/02/2023   C VAS1 CUB01805 08/02/2023 Ej.1 08/02/2023 LIbro
  Dewey Decimal Classification     Colección General Biblioteca Pública Fuentedeoro - Henry Llanos García Biblioteca Pública Fuentedeoro - Henry Llanos García Literatura 08/01/2023   C VAS1 Fo01670 08/01/2023 Ej.1 08/01/2023 LIbro
  Dewey Decimal Classification     Colección General Biblioteca Pública José Eustasio Rivera - San Martin Biblioteca Pública José Eustasio Rivera - San Martin Literatura 03/13/2023   C VAS1 SM00112 03/13/2023 Ej.1 03/13/2023 LIbro
  Dewey Decimal Classification     Colección General Biblioteca Pública Puerto Lleras Biblioteca Pública Puerto Lleras Literatura 06/05/2024   C VAS1 PLL01413 06/05/2024 Ej.1 06/05/2024 Libro Literatura
  Dewey Decimal Classification     Colección General Biblioteca Pública San Carlos de Guaroa - Eduardo Carranza Biblioteca Pública San Carlos de Guaroa - Eduardo Carranza Literatura 09/07/2023   C VAS1 SG01066 09/07/2023 Ej.1 09/07/2023 LIbro
  Dewey Decimal Classification     Colección General Biblioteca Pública Barranca de Upia - María Dolores Herrera Biblioteca Pública Barranca de Upia - María Dolores Herrera Literatura 09/25/2023   C VAS1 BUP00725 09/25/2023 Ej.1 09/25/2023 LIbro
  Dewey Decimal Classification     Colección General Biblioteca Pública Guamal Biblioteca Pública Guamal Literatura 02/03/2023   C VAS1 GUA000586 02/03/2023 Ej.1 02/03/2023 Libro Literatura
  Dewey Decimal Classification     Colección General Biblioteca Pública Guamal Biblioteca Pública Guamal General 04/13/2023   C863.44 V18c GUA003110 04/13/2023 Ej.1 04/13/2023 Libro Literatura
  Dewey Decimal Classification     Colección General Biblioteca Pública La Macarena Biblioteca Pública La Macarena Literatura 09/11/2025   C VAS1 LM03459 09/11/2025 Ej.1 09/11/2025 LIbro
  Dewey Decimal Classification     Colección General Biblioteca Pública Mapiripan Biblioteca Pública Mapiripan Literatura 01/15/2024   C VAS1 MAP00001428 01/15/2024 Ej.1 01/15/2024 LIbro
  Dewey Decimal Classification     Colección General Biblioteca Pública San Juanito - Ernesto Maria Peña Romero Biblioteca Pública San Juanito - Ernesto Maria Peña Romero Literatura 06/24/2025   C VAS1 SJU01930 06/24/2025 Ej.1 06/24/2025 LIbro
  Dewey Decimal Classification     Colección General Biblioteca Pública Uribe - Reinerio Arenas Biblioteca Pública Uribe - Reinerio Arenas Literatura 01/10/2025   C VAS1 URI02111 01/10/2025 Ej.1 01/10/2025 Libro Literatura









Instituto Departamental de Cultura del Meta - Red Departamental de Bibliotecas Públicas del Meta.